<?xml version="1.0" encoding="UTF-8"?><?xml-stylesheet type="text/xsl" href="static/style.xsl"?><OAI-PMH xmlns="http://www.openarchives.org/OAI/2.0/" xmlns:xsi="http://www.w3.org/2001/XMLSchema-instance" xsi:schemaLocation="http://www.openarchives.org/OAI/2.0/ http://www.openarchives.org/OAI/2.0/OAI-PMH.xsd"><responseDate>2026-04-18T02:24:34Z</responseDate><request verb="GetRecord" identifier="oai:www.recercat.cat:2445/119011" metadataPrefix="marc">https://recercat.cat/oai/request</request><GetRecord><record><header><identifier>oai:recercat.cat:2445/119011</identifier><datestamp>2025-12-05T01:14:49Z</datestamp><setSpec>com_2072_1057</setSpec><setSpec>col_2072_478917</setSpec></header><metadata><record xmlns="http://www.loc.gov/MARC21/slim" xmlns:dcterms="http://purl.org/dc/terms/" xmlns:xsi="http://www.w3.org/2001/XMLSchema-instance" xmlns:doc="http://www.lyncode.com/xoai" xsi:schemaLocation="http://www.loc.gov/MARC21/slim http://www.loc.gov/standards/marcxml/schema/MARC21slim.xsd">
   <leader>00925njm 22002777a 4500</leader>
   <datafield ind2=" " ind1=" " tag="042">
      <subfield code="a">dc</subfield>
   </datafield>
   <datafield ind2=" " ind1=" " tag="720">
      <subfield code="a">Ruiz Arenas, Carlos</subfield>
      <subfield code="e">author</subfield>
   </datafield>
   <datafield ind2=" " ind1=" " tag="720">
      <subfield code="a">González, Juan Ramón</subfield>
      <subfield code="e">author</subfield>
   </datafield>
   <datafield ind2=" " ind1=" " tag="260">
      <subfield code="c">2018-01-12T14:22:50Z</subfield>
   </datafield>
   <datafield ind2=" " ind1=" " tag="260">
      <subfield code="c">2018-01-12T14:22:50Z</subfield>
   </datafield>
   <datafield ind2=" " ind1=" " tag="260">
      <subfield code="c">2017-12-14</subfield>
   </datafield>
   <datafield ind2=" " ind1=" " tag="260">
      <subfield code="c">2017-12-20T18:59:53Z</subfield>
   </datafield>
   <datafield ind2=" " ind1=" " tag="520">
      <subfield code="a">Background: DNA methylation is an epigenetic process that regulates gene expression. Methylation can be modified&#xd;
by environmental exposures and changes in the methylation patterns have been associated with diseases. Methylation&#xd;
microarrays measure methylation levels at more than 450,000 CpGs in a single experiment, and the most common&#xd;
analysis strategy is to perform a single probe analysis to find methylation probes associated with the outcome of&#xd;
interest. However, methylation changes usually occur at the regional level: for example, genomic structural variants can&#xd;
affect methylation patterns in regions up to several megabases in length. Existing DMR methods provide lists of&#xd;
Differentially Methylated Regions (DMRs) of up to only few kilobases in length, and cannot check if a target region is&#xd;
differentially methylated. Therefore, these methods are not suitable to evaluate methylation changes in large regions.&#xd;
To address these limitations, we developed a new DMR approach based on redundancy analysis (RDA) that assesses&#xd;
whether a target region is differentially methylated.&#xd;
Results: Using simulated and real datasets, we compared our approach to three common DMR detection methods&#xd;
(Bumphunter, blockFinder, and DMRcate). We found that Bumphunter underestimated methylation changes and&#xd;
blockFinder showed poor performance. DMRcate showed poor power in the simulated datasets and low specificity in&#xd;
the real data analysis. Our method showed very high performance in all simulation settings, even with small sample&#xd;
sizes and subtle methylation changes, while controlling type I error. Other advantages of our method are: 1) it estimates&#xd;
the degree of association between the DMR and the outcome; 2) it can analyze a targeted or region of interest; and 3) it&#xd;
can evaluate the simultaneous effects of different variables. The proposed methodology is implemented in MEAL, a&#xd;
Bioconductor package designed to facilitate the analysis of methylation data.&#xd;
Conclusions: We propose a multivariate approach to decipher whether an outcome of interest alters the methylation&#xd;
pattern of a region of interest. The method is designed to analyze large target genomic regions and outperforms the&#xd;
three most popular methods for detecting DMRs. Our method can evaluate factors with more than two levels or the&#xd;
simultaneous effect of more than one continuous variable, which is not possible with the state-of-the-art methods.</subfield>
   </datafield>
   <datafield tag="653" ind2=" " ind1=" ">
      <subfield code="a">ADN</subfield>
   </datafield>
   <datafield tag="653" ind2=" " ind1=" ">
      <subfield code="a">Expressió gènica</subfield>
   </datafield>
   <datafield tag="653" ind2=" " ind1=" ">
      <subfield code="a">DNA</subfield>
   </datafield>
   <datafield tag="653" ind2=" " ind1=" ">
      <subfield code="a">Gene expression</subfield>
   </datafield>
   <datafield ind2="0" ind1="0" tag="245">
      <subfield code="a">Redundancy analysis allows improved detection of methylation&#xd;
                changes in large genomic regions</subfield>
   </datafield>
</record></metadata></record></GetRecord></OAI-PMH>